The Weeknd - Chansons commençants par B - Statistiques

Statistiques générales
  • Ce quiz a été pris 19 fois
  • Le résultat moyen est 2 sur 7
Statistiques - réponses
B % Correct
Blinding Lights
75%
Belong to the World
42%
Baptized In Fear
33%
Best Friends
25%
The Birds, Pt. 1
25%
The Birds, Pt. 2
25%
Big Sleep (featuring Giorgio Moroder)
8%
Aucun quiz correspondant
Distribution des résultats
% des personnes avec chaque résultat
Percentile par nombre de réponses
Votre historique - résultats
Vous n’avez pas pris ce quiz